Statystyki dla Miasta przy Route 66 na mapie

Kliknij tutaj aby rozwiązać quiz!

Ogólne statystyki

  • Ten quiz został rozwiązany 19 razy
  • Średni wynik to 3 z 15

Odpowiedzi na mapie

Odpowiedzi skodowane kolorowo w zielono-czerwonej skali na mapie do tego quizu, zgodnie z poniższymi procentami.
 

Statystyki odpowiedzi

Liczba ludnościMiasto% Poprawnych
4,057,841Los Angeles
94%
2,679,044Chicago
88%
661,614Oklahoma City
44%
564,764Albuquerque
25%
403,045Tulsa
19%
91,857Santa Monica
13%
113,471Springfield, IL
13%
169,080Springfield, MO
13%
203,290Amarillo
6%
53,617Joplin
6%
300,991Saint Louis
6%
77,606Bloomington
0%
75,572Flagstaff
0%
54,360Normal
0%
218,306San Bernardino
0%

Rozkład punktacji

Percentyl według liczby udzielonych odpowiedzi

Procent ludzi z każdym wynikiem

Twoja historia wyników

Nie rozwiązałeś tego quizu